'H' Books by Opening Lines Quiz Stats

 Plays Quiz Updated Nov 29, 2015

Challenge
Share
Tweet
Embed
Score 0/20 Timer 06:00
3 Plays Today
% Correct
How the Grinch Stole Christmas!
95.8%
The Hitchhiker's Guide to the Galaxy
91.9%
The Hunchback of Notre Dame
89.8%
The Hound of the Baskervilles
89.3%
The Hunt for Red October
77.8%
The Hunger Games
76.9%
Harry Potter and the Goblet of Fire
73.5%
How to Train Your Dragon
68%
The Horse and His Boy
63%
Holes
60.6%
% Correct
The Help
55.1%
High Fidelity
48.7%
Heart of Darkness
44.2%
The Handmaid's Tale
33.6%
Howl's Moving Castle
32.5%
Hard Times
31.9%
The Heart is a Lonely Hunter
24.9%
The House of Mirth
22.2%
The Haunting of Hill House
13%
The Horse Whisperer
8.6%

You're not logged in!

Compare scores with friends on all Sporcle quizzes.
OR
Log In

You Might Also Like...

Show Comments

Extras

Top Quizzes Today


Score Distribution

Your Account Isn't Verified!

In order to create a playlist on Sporcle, you need to verify the email address you used during registration. Go to your Sporcle Settings to finish the process.

Report this User

Report this user for behavior that violates our Community Guidelines.

Details: